Statistics for Animals in Nirvana song titles

Click here to take the quiz!

General Stats

  • This quiz has been taken 11 times
  • The average score is 2 of 10

Answer Stats

Animal: clueSong title% Correct
A primateVery Ape
100%
Flying insectBeeswax
33%
RodentReturn of the Rat
33%
Relative of sharksHairspray Queen
11%
(primate again)Heart-Shaped Box
11%
(and again)Paper Cuts
11%
Small louseRadio Friendly Unit Shifter
11%
(and again)Rape Me
11%
(and again)Serve the Servants
11%
Sociable insectI Hate Myself and Want to Die
0%

Score Distribution

Percentile by Number Answered

Percent of People with Each Score

Your Score History

You have not taken this quiz